Self-working Card Tricks : (Record no. 588451)

MARC details
000 -LEADER
fixed length control field 00450nam a2200169 a 4500
008 - FIXED-LENGTH DATA ELEMENTS--GENERAL INFORMATION
fixed length control field 250921s1976##################000#0#eng##
020 ## - INTERNATIONAL STANDARD BOOK NUMBER
ISBN 9780486233345
Paper back/Hardbound pbk
041 ## - LANGUAGE CODE
Language code of text/sound track or separate title eng
082 04 - DEWEY DECIMAL CLASSIFICATION NUMBER
Classification number 793.85
Item number FUL
100 1# - MAIN ENTRY--AUTHOR NAME
Personal name Fulves, Karl,
245 10 - TITLE STATEMENT
Title Self-working Card Tricks :
Statement of responsibility, etc by Karl Fulves
260 ## - PUBLICATION, DISTRIBUTION, ETC. (IMPRINT)
Name of publisher Dover Publications Inc.,
Year of publication 1976
Place of publication New York
300 ## - PHYSICAL DESCRIPTION
Number of Pages 148p.
650 #0 - SUBJECT ADDED ENTRY--TOPICAL TERM
Topical Term Games & Activities.
942 ## - ADDED ENTRY ELEMENTS (KOHA)
Koha item type English Books
Holdings
Withdrawn status Lost status Damaged status Not for loan Home library Current library Shelving location Date acquired Full call number Accession Number Price effective from Koha item type
        Anna Centenary Library Anna Centenary Library 6TH FLOOR, B WING 25.01.2011 793.85 FUL 492486 21.09.2025 English Books
        Anna Centenary Library Anna Centenary Library 6TH FLOOR, B WING 25.01.2011 793.85 FUL 492487 21.09.2025 English Books
        Anna Centenary Library Anna Centenary Library CHILDREN SECTION-1ST FLOOR, B WING 25.01.2011 793.85 FUL 466509 10.02.2026 English Books

Find us on the map